[Event "Spilimbergo op 21st"]
[Site "Spilimbergo"]
[Date "2023.08.15"]
[Round "9"]
[White "Martorelli, Antonio"]
[Black "Costa, Leonardo"]
[Result "0-1"]
[WhiteElo "2044"]
[BlackElo "2346"]
[PlyCount "94"]
[EventDate "2023.08.09"]
[EventType "swiss"]
[EventRounds "9"]
[EventCountry "ITA"]
[SourceTitle "CBM 215 Extra"]
[Source "ChessBase"]
[SourceDate "2023.09.30"]
[SourceVersion "1"]
[SourceVersionDate "2023.09.30"]
[SourceQuality "1"]

1. e4 c5 2. c3 e6 3. d4 d5 4. e5 Nc6 5. Nf3 Bd7 6. a3 c4 7. g3 Na5 8. Nbd2 Ne7 9. Bh3 Nc8 10. Rb1 Nb6 11. Nf1 Be7 12. Ne3 Nb3 13. Nd2 Nxc1 14. Rxc1 Qc7 15. 0-0 0-0-0 16. f4 f5 17. exf6 gxf6 18. Nf3 Kb8 19. Qd2 Rhg8 20. f5 e5 21. Kh1 Bc6 22. Rce1 Bd6 23. Ng4 Nd7 24. Ne3 h5 25. Bg2 Nb6 26. Nc2 Rg4 27. Nb4 Rdg8 28. Nxc6+ bxc6 29. dxe5 fxe5 30. f6 e4 31. Nh4 Nd7 32. f7 Rf8 33. Qh6 Bxg3 34. Ng6 Rxg6 35. Qxg6 Bxe1 36. Rxe1 Ne5 37. Qxh5 Rxf7 38. a4 Rh7 39. Qe8+ Kb7 40. Kg1 Nf3+ 41. Bxf3 Qxh2+ 42. Kf1 Rg7 43. Bg4 Qf4+ 44. Ke2 Qxg4+ 45. Kd2 Qf4+ 46. Kd1 Rg2 47. Qe7+ Ka6 0-1

[Event "Spilimbergo op 21st"]
[Site "Spilimbergo"]
[Date "2023.08.11"]
[Round "4"]
[White "Martorelli, Antonio"]
[Black "Beletic, Daniel"]
[Result "1/2-1/2"]
[WhiteElo "2044"]
[BlackElo "2277"]
[PlyCount "26"]
[EventDate "2023.08.09"]
[EventType "swiss"]
[EventRounds "9"]
[EventCountry "ITA"]
[SourceTitle "CBM 215 Extra"]
[Source "ChessBase"]
[SourceDate "2023.09.30"]
[SourceVersion "1"]
[SourceVersionDate "2023.09.30"]
[SourceQuality "1"]

1. e4 g6 2. d4 Bg7 3. Nc3 a6 4. a4 d6 5. Be2 Nf6 6. Nf3 0-0 7. 0-0 Nc6 8. Bg5 h6 9. Be3 Ng4 10. Bc1 Nf6 11. Be3 Ng4 12. Bc1 Nf6 13. Be3 Ng4 1/2-1/2

[Event "ITA-ch sf 82nd"]
[Site "Villesse"]
[Date "2023.07.16"]
[Round "3"]
[White "Boraso, Alessio"]
[Black "Martorelli, Antonio"]
[Result "1-0"]
[WhiteElo "2313"]
[BlackElo "2067"]
[PlyCount "69"]
[EventDate "2023.07.15"]
[EventType "swiss"]
[EventRounds "9"]
[EventCountry "ITA"]
[SourceTitle "CBM 215 Extra"]
[Source "ChessBase"]
[SourceDate "2023.09.30"]
[SourceVersion "1"]
[SourceVersionDate "2023.09.30"]
[SourceQuality "1"]

1. c4 e6 2. g3 d5 3. Nf3 Nf6 4. Bg2 c5 5. 0-0 Nc6 6. cxd5 exd5 7. d4 cxd4 8. Nxd4 Bc5 9. Nxc6 bxc6 10. Qc2 Qb6 11. Nc3 Be7 12. Be3 Qd8 13. Na4 Bd7 14. Rac1 0-0 15. Bc5 Re8 16. e3 Ne4 17. Bxe7 Qxe7 18. Nc5 Nxc5 19. Qxc5 Qe5 20. b3 h5 21. Rfd1 h4 22. Qd4 hxg3 23. hxg3 Qh5 24. Qh4 Qe2 25. Bf1 Qxa2 26. Bd3 Qb2 27. Qh7+ Kf8 28. e4 Qf6 29. exd5 cxd5 30. Rc7 Rad8 31. Rxd7 g6 32. Rxa7 Re5 33. Rxf7+ Qxf7 34. Qh8+ Qg8 35. Qxe5 1-0

[Event "Wch Seniors 65 30th"]
[Site "Assisi"]
[Date "2022.11.25"]
[Round "10"]
[White "Kiefer, Gerhard"]
[Black "Martorelli, Antonio"]
[Result "1-0"]
[WhiteElo "2260"]
[BlackElo "2134"]
[PlyCount "107"]
[EventDate "2022.11.15"]
[EventType "swiss"]
[EventRounds "11"]
[EventCountry "ITA"]
[SourceTitle "CBM 211 Extra"]
[Source "ChessBase"]
[SourceDate "2023.01.31"]
[SourceVersion "1"]
[SourceVersionDate "2023.01.31"]
[SourceQuality "1"]

1. e4 c5 2. Nf3 e6 3. d4 cxd4 4. Nxd4 a6 5. Bd3 Nf6 6. 0-0 d6 7. f4 Be7 8. Kh1 Nbd7 9. a4 0-0 10. Nc3 Qc7 11. Qf3 Nc5 12. Bd2 Re8 13. f5 e5 14. Nde2 Bd7 15. Bg5 Bc6 16. Bxf6 Bxf6 17. Ng3 Rab8 18. b4 Nxd3 19. cxd3 b6 20. Nh5 Qe7 21. b5 Ba8 22. Qg4 Rec8 23. Ne2 d5 24. Nxg7 dxe4 25. Nh5+ Kh8 26. dxe4 a5 27. Nxf6 Qxf6 28. Rac1 Rg8 29. Qf3 Qh4 30. Rc4 Rg4 31. Ng3 Rbg8 32. Kg1 Bd5 33. Rc2 Rxe4 34. Nxe4 Bxe4 35. Qf2 Qg4 36. Rd2 Bxg2 37. Qxg2 Qxa4 38. f6 Rxg2+ 39. Rxg2 Qd4+ 40. Kh1 h5 41. Rf5 Qd1+ 42. Rg1 Qe2 43. Rgg5 Kh7 44. Rxh5+ Kg6 45. Rhg5+ Kh6 46. h3 Qe3 47. Rg2 Qe4 48. Rf1 Qd3 49. Rff2 Qxb5 50. Rg4 Qd7 51. Rfg2 Qd1+ 52. Kh2 Qe1 53. Rg8 Kh7 54. R2g7+ 1-0

[Event "Wch Seniors 65 30th"]
[Site "Assisi"]
[Date "2022.11.17"]
[Round "3"]
[White "Martorelli, Antonio"]
[Black "Sursock, Sameer"]
[Result "1/2-1/2"]
[WhiteElo "2134"]
[BlackElo "1976"]
[PlyCount "122"]
[EventDate "2022.11.15"]
[EventType "swiss"]
[EventRounds "11"]
[EventCountry "ITA"]
[SourceTitle "CBM 211 Extra"]
[Source "ChessBase"]
[SourceDate "2023.01.31"]
[SourceVersion "1"]
[SourceVersionDate "2023.01.31"]
[SourceQuality "1"]

1. e4 c5 2. Nf3 a6 3. c3 d5 4. exd5 Qxd5 5. d4 Nf6 6. dxc5 Qxc5 7. a4 e6 8. Nbd2 Nbd7 9. g3 b6 10. Bg2 Bb7 11. 0-0 Be7 12. Nb3 Qd5 13. Bf4 Rc8 14. Nbd2 Nc5 15. c4 Qd8 16. Ne5 Bxg2 17. Kxg2 Nd3 18. Nxd3 Qxd3 19. Qf3 Qxf3+ 20. Kxf3 Bb4 21. Rfc1 Ke7 22. Nb3 Rhd8 23. Ke2 a5 24. Be3 Nd7 25. Nd4 Nc5 26. Rd1 e5 27. Nf5+ Kf6 28. Nd6 Rc7 29. Bxc5 Bxc5 30. Ne4+ Ke7 31. Rxd8 Kxd8 32. Nc3 Bd4 33. Kd3 Bxf2 34. Nd5 Rd7 35. Ra3 f5 36. Rb3 Rd6 37. Rb5 e4+ 38. Ke2 Bd4 39. h3 Kd7 40. g4 g6 41. gxf5 gxf5 42. Nf4 Bc5 43. Nd5 Ke6 44. Nc7+ Kd7 45. Na6 Rh6 46. Nxc5+ bxc5 47. Rxc5 f4 48. Rf5 Rxh3 49. Rxf4 Rb3 50. Rh4 Rxb2+ 51. Ke3 Rb4 52. Rxh7+ Kc6 53. Kd4 Rxa4 54. Re7 Ra1 55. Re6+ Kd7 56. Rxe4 Kd6 57. c5+ Kd7 58. Kd5 Rd1+ 59. Kc4 Rc1+ 60. Kb5 Rb1+ 61. Kxa5 Kc6 1/2-1/2

[Event "ITA-ch Seniors 65 44th"]
[Site "Macerata"]
[Date "2022.10.01"]
[Round "8"]
[White "Martorelli, Antonio"]
[Black "Serpilli, Paolo"]
[Result "1-0"]
[WhiteElo "2120"]
[BlackElo "1777"]
[PlyCount "67"]
[EventDate "2022.09.25"]
[EventType "swiss"]
[EventRounds "9"]
[EventCountry "ITA"]
[SourceTitle "EXT 2024"]
[Source "ChessBase"]
[SourceDate "2023.10.10"]
[SourceVersion "1"]
[SourceVersionDate "2023.10.10"]
[SourceQuality "1"]

1. e4 c6 2. d4 d5 3. exd5 cxd5 4. c4 Nf6 5. Nc3 g6 6. Bg5 Ne4 7. cxd5 Nxc3 8. bxc3 Qxd5 9. Nf3 Nc6 10. c4 Qe4+ 11. Be2 Bg7 12. Be3 0-0 13. 0-0 Qf5 14. Rb1 Rd8 15. d5 Ne5 16. Nd4 Qf6 17. f4 Nd7 18. Nb5 e6 19. Bd4 Qe7 20. d6 Bxd4+ 21. Qxd4 Qf6 22. Qe3 Nb6 23. Rfd1 Bd7 24. Nc7 Rac8 25. c5 Nd5 26. Nxd5 exd5 27. Rxb7 d4 28. Qe7 Qe6 29. Rc1 d3 30. Bxd3 Qd5 31. Bc4 Qxc5+ 32. Kh1 Qf5 33. Rc7 Qxf4 34. Rf1 1-0

[Event "Spilimbergo op 19th"]
[Site "Spilimbergo"]
[Date "2021.08.09"]
[Round "1"]
[White "Martorelli, Antonio"]
[Black "Heberla, Bartlomiej"]
[Result "0-1"]
[WhiteElo "2166"]
[BlackElo "2552"]
[PlyCount "104"]
[EventDate "2021.08.09"]
[EventType "swiss"]
[EventRounds "9"]
[EventCountry "ITA"]
[SourceTitle "CBM 203 Extra"]
[Source "ChessBase"]
[SourceDate "2021.09.30"]
[SourceVersion "1"]
[SourceVersionDate "2021.09.30"]
[SourceQuality "1"]

1. e4 c6 2. d4 d5 3. exd5 cxd5 4. c4 Nf6 5. Nc3 Nc6 6. Bg5 Be6 7. Nge2 dxc4 8. Nf4 Qxd4 9. Nxe6 fxe6 10. Qxd4 Nxd4 11. 0-0-0 e5 12. Bxc4 Rc8 13. Bd3 e6 14. Kb1 Kf7 15. Rhe1 Bb4 16. Ne4 Bxe1 17. Nd6+ Ke7 18. Nxc8+ Rxc8 19. Rxe1 Kd6 20. f4 exf4 21. Bxf4+ Ke7 22. Be5 Nc6 23. Bc3 Kf7 24. Rf1 h6 25. g4 Ke7 26. Re1 Kf7 27. Rxe6 Nd5 28. Re4 Nxc3+ 29. bxc3 Kf6 30. h4 Ne5 31. g5+ hxg5 32. hxg5+ Ke6 33. Kc2 Rd8 34. Bf1 Rh8 35. Kb3 Rh1 36. Bc4+ Kf5 37. Bd5 Rb1+ 38. Kc2 Rb5 39. Rd4 b6 40. a4 Rc5 41. Be4+ Kxg5 42. Rd6 Kf4 43. Bb7 g5 44. Rd1 g4 45. Kb3 Rc7 46. Bd5 Nf3 47. Be6 g3 48. Bh3 Rh7 49. Bg2 Rh2 50. Bh1 Rxh1 51. Rxh1 g2 52. Rd1 Nd2+ 0-1

[Event "Titled Tuesday intern op 13th July"]
[Site "Chess.com INT"]
[Date "2021.07.13"]
[Round "1"]
[White "Gulkov, Igor A"]
[Black "Martorelli, Antonio"]
[Result "1-0"]
[WhiteElo "2358"]
[BlackElo "2186"]
[PlyCount "51"]
[EventDate "2021.07.13"]
[EventType "swiss (blitz)"]
[EventRounds "11"]
[EventCountry "USA"]
[SourceTitle "CBM 203 Extra"]
[Source "ChessBase"]
[SourceDate "2021.09.30"]
[SourceVersion "1"]
[SourceVersionDate "2021.09.30"]
[SourceQuality "1"]

1. Nf3 Nf6 2. c4 g6 3. Nc3 Bg7 4. e4 d6 5. d4 0-0 6. Be2 e5 7. Be3 exd4 8. Nxd4 Re8 9. f3 c6 10. Qd2 Na6 11. 0-0 Nc7 12. Rfd1 d5 13. exd5 cxd5 14. c5 Qe7 15. Bf2 Nh5 16. Bf1 Qf6 17. Ndb5 Nxb5 18. Bxb5 Rf8 19. Nxd5 Qxb2 20. Qxb2 Bxb2 21. Rab1 Be5 22. c6 bxc6 23. Bxc6 Rb8 24. Bxa7 Rxb1 25. Rxb1 Bf5 26. Ne7+ 1-0

[Event "Titled Tuesday intern op 13th July"]
[Site "Chess.com INT"]
[Date "2021.07.13"]
[Round "4"]
[White "Ogloblin, Nikolay"]
[Black "Martorelli, Antonio"]
[Result "1-0"]
[WhiteElo "2346"]
[BlackElo "2186"]
[PlyCount "71"]
[EventDate "2021.07.13"]
[EventType "swiss (blitz)"]
[EventRounds "11"]
[EventCountry "USA"]
[SourceTitle "CBM 203 Extra"]
[Source "ChessBase"]
[SourceDate "2021.09.30"]
[SourceVersion "1"]
[SourceVersionDate "2021.09.30"]
[SourceQuality "1"]

1. d4 Nf6 2. Nf3 g6 3. e3 Bg7 4. Be2 0-0 5. 0-0 c5 6. dxc5 Na6 7. c4 Nxc5 8. Nc3 d6 9. Nd4 a6 10. b4 Ne6 11. Bb2 Nxd4 12. Qxd4 Ng4 13. Qd2 Ne5 14. Rac1 Be6 15. Nd5 Rc8 16. f4 Nc6 17. Bxg7 Kxg7 18. a3 a5 19. Kh1 f6 20. Bf3 Bf7 21. Rfd1 Nb8 22. Qd4 Nd7 23. c5 axb4 24. axb4 e6 25. Nb6 Nxb6 26. cxb6 d5 27. Rc5 Qxb6 28. Rdc1 Rxc5 29. bxc5 Qa7 30. g4 h6 31. Ra1 Qb8 32. g5 hxg5 33. fxg5 e5 34. gxf6+ Kxf6 35. Qh4+ Kg7 36. Qe7 1-0

[Event "Novi Sad TS 120th"]
[Site "Novi Sad"]
[Date "2019.11.22"]
[Round "7"]
[White "Martorelli, Antonio"]
[Black "Dauletova, Gulmira"]
[Result "0-1"]
[WhiteElo "2208"]
[BlackElo "2256"]
[PlyCount "84"]
[EventDate "2019.11.18"]
[EventType "swiss"]
[EventRounds "9"]
[EventCountry "SRB"]
[SourceTitle "CBM 193 Extra"]
[Source "ChessBase"]
[SourceDate "2020.01.31"]
[SourceVersion "1"]
[SourceVersionDate "2020.01.31"]
[SourceQuality "1"]

1. e4 c5 2. Nf3 e6 3. d3 Nc6 4. g3 d6 5. Bg2 Nf6 6. 0-0 Be7 7. Qe2 e5 8. c3 0-0 9. Rd1 Qc7 10. Na3 Re8 11. h3 a6 12. Nc4 b5 13. Ne3 b4 14. d4 exd4 15. cxd4 cxd4 16. Nxd4 Nxd4 17. Rxd4 Bb7 18. Nf5 d5 19. Bf4 Qb6 20. Nxe7+ Rxe7 21. Be3 dxe4 22. Rxe4 Rxe4 23. Bxe4 Qc7 24. Rc1 Qe7 25. Bxb7 Qxb7 26. Bd4 Re8 27. Qc4 a5 28. Qc6 Qe7 29. Rc5 Qd8 30. Bxf6 gxf6 31. Rd5 Qa8 32. Qxa8 Rxa8 33. Kf1 Rc8 34. Ke2 Rc2+ 35. Rd2 Rc5 36. Kd3 Kg7 37. Rc2 Rh5 38. h4 Rd5+ 39. Kc4 Re5 40. b3 Kg6 41. Kd4 h5 42. f3 Re1 0-1

[Event "Novi Sad TS 120th"]
[Site "Novi Sad"]
[Date "2019.11.21"]
[Round "6"]
[White "Saksham, Rautela"]
[Black "Martorelli, Antonio"]
[Result "1-0"]
[WhiteElo "2291"]
[BlackElo "2208"]
[PlyCount "121"]
[EventDate "2019.11.18"]
[EventType "swiss"]
[EventRounds "9"]
[EventCountry "SRB"]
[SourceTitle "CBM 193 Extra"]
[Source "ChessBase"]
[SourceDate "2020.01.31"]
[SourceVersion "1"]
[SourceVersionDate "2020.01.31"]
[SourceQuality "1"]

1. e4 c5 2. Nf3 e6 3. d4 cxd4 4. Nxd4 a6 5. Nc3 Qc7 6. Be2 Nf6 7. 0-0 Bc5 8. Be3 d6 9. Qd2 b5 10. Nb3 Bxe3 11. Qxe3 Bb7 12. Rad1 0-0 13. a3 Nc6 14. f4 Rfd8 15. Kh1 b4 16. axb4 Nxb4 17. Nd4 Rac8 18. Qh3 Qe7 19. Bf3 d5 20. exd5 Nbxd5 21. Nxd5 Nxd5 22. f5 Nf4 23. Qg4 Bxf3 24. Qxf3 Nd5 25. fxe6 fxe6 26. Rfe1 Re8 27. Rxe6 Qd7 28. Rxe8+ Rxe8 29. Ne2 Qe6 30. Ng3 Nf6 31. h3 Rc8 32. c3 Qb3 33. Rd2 Re8 34. Nf5 Qb8 35. Qg3 Qxg3 36. Nxg3 Re1+ 37. Kh2 a5 38. Nf5 h5 39. Nd4 Rb1 40. Re2 Kf7 41. Nf3 a4 42. Ne5+ Ke6 43. Ng4+ Kf7 44. Nxf6 Kxf6 45. Kg3 a3 46. bxa3 Rb3 47. Ra2 Rxc3+ 48. Kf2 Rc5 49. Ke3 Ke5 50. a4 Rc3+ 51. Kf2 Rc6 52. a5 Ra6 53. Ke3 Kd5 54. Kf4 Kc4 55. Ra3 Kb4 56. Rg3 Rf6+ 57. Kg5 Kxa5 58. Kxh5 Rh6+ 59. Kg5 Kb4 60. Re3 Kc5 61. Re7 1-0

[Event "Novi Sad TS IM 117th"]
[Site "Novi Sad"]
[Date "2019.07.10"]
[Round "7"]
[White "Yao, Lan"]
[Black "Martorelli, Antonio"]
[Result "1-0"]
[WhiteElo "2330"]
[BlackElo "2159"]
[PlyCount "53"]
[EventDate "2019.07.06"]
[EventType "tourn"]
[EventRounds "9"]
[EventCountry "SRB"]
[SourceTitle "EXT 2020"]
[Source "ChessBase"]
[SourceDate "2019.10.17"]
[SourceVersion "1"]
[SourceVersionDate "2019.10.17"]
[SourceQuality "1"]

1. e4 c5 2. Nf3 e6 3. d4 cxd4 4. Nxd4 a6 5. c4 Nf6 6. Nc3 Bb4 7. Qd3 d6 8. Nc2 Bxc3+ 9. Qxc3 0-0 10. f3 Nc6 11. Be3 e5 12. 0-0-0 Be6 13. Kb1 Qc7 14. Nb4 Nxb4 15. Qxb4 b5 16. Qxd6 Qxd6 17. Rxd6 bxc4 18. Be2 Rfc8 19. Rc1 a5 20. Rc3 Ne8 21. Rb6 Kf8 22. Bd2 Rd8 23. Kc2 Nd6 24. Ra3 a4 25. Bb4 Ke7 26. Kc3 Rab8 27. Bxd6+ 1-0

[Event "Novi Sad TS IM 117th"]
[Site "Novi Sad"]
[Date "2019.07.08"]
[Round "3"]
[White "Martorelli, Antonio"]
[Black "Anu, Bayar"]
[Result "1/2-1/2"]
[WhiteElo "2159"]
[BlackElo "2100"]
[PlyCount "41"]
[EventDate "2019.07.06"]
[EventType "tourn"]
[EventRounds "9"]
[EventCountry "SRB"]
[SourceTitle "EXT 2020"]
[Source "ChessBase"]
[SourceDate "2019.10.17"]
[SourceVersion "1"]
[SourceVersionDate "2019.10.17"]
[SourceQuality "1"]

1. e4 c5 2. Nf3 a6 3. c3 d5 4. exd5 Qxd5 5. d4 Nc6 6. dxc5 Qxc5 7. Be3 Qa5 8. Nbd2 Bg4 9. Qb3 Qc7 10. Bb6 Qc8 11. Bc4 e6 12. h3 Bh5 13. g4 Bg6 14. h4 h5 15. g5 Bd6 16. 0-0-0 Nge7 17. Rhe1 Bf4 18. Be3 Bc7 19. Bb6 Bf4 20. Be3 Bc7 21. Bb6 1/2-1/2

[Event "Novi Sad TS IM 117th"]
[Site "Novi Sad"]
[Date "2019.07.06"]
[Round "1"]
[White "Martorelli, Antonio"]
[Black "Sredojevic, Ivan"]
[Result "1-0"]
[WhiteElo "2159"]
[BlackElo "2253"]
[PlyCount "43"]
[EventDate "2019.07.06"]
[EventType "tourn"]
[EventRounds "9"]
[EventCountry "SRB"]
[SourceTitle "EXT 2020"]
[Source "ChessBase"]
[SourceDate "2019.10.17"]
[SourceVersion "1"]
[SourceVersionDate "2019.10.17"]
[SourceQuality "1"]

1. d4 Nf6 2. c4 g6 3. Nf3 Bg7 4. g3 0-0 5. Bg2 c5 6. Nc3 cxd4 7. Nxd4 Qc7 8. Qd3 Nc6 9. 0-0 d6 10. b3 Nxd4 11. Qxd4 Ne4 12. Nd5 Bxd4 13. Nxc7 Bxa1 14. Be3 Bf6 15. Nxa8 Nc3 16. Bxa7 Nxa2 17. Nc7 Nb4 18. Rd1 Kg7 19. f4 Bf5 20. Bxb7 Bc2 21. Rc1 Bxb3 22. Rb1 1-0

[Event "Djenovici TS02 GM 3rd"]
[Site "Djenovici"]
[Date "2019.02.22"]
[Round "8"]
[White "Martorelli, Antonio"]
[Black "Pap, Misa"]
[Result "0-1"]
[WhiteElo "2168"]
[BlackElo "2501"]
[PlyCount "59"]
[EventDate "2019.02.16"]
[EventType "tourn"]
[EventRounds "9"]
[EventCountry "MNE"]
[EventCategory "6"]
[SourceTitle "CBM 189 Extra"]
[Source "ChessBase"]
[SourceDate "2019.06.03"]
[SourceVersion "1"]
[SourceVersionDate "2019.06.03"]
[SourceQuality "1"]

1. e4 e5 2. Bc4 Nf6 3. d3 c6 4. Nf3 d5 5. Bb3 a5 6. a4 Bb4+ 7. Bd2 Nbd7 8. exd5 Nxd5 9. 0-0 0-0 10. Re1 Re8 11. Na3 f6 12. c3 Bf8 13. Nc4 Nc5 14. Bc2 Ne6 15. d4 exd4 16. Nxd4 g6 17. Bb3 Bg7 18. Nf3 Nc5 19. Rxe8+ Qxe8 20. Bc2 Be6 21. Nd4 Bd7 22. Qf3 Ne6 23. Nxe6 Bxe6 24. Re1 Qd7 25. Qe2 Bf7 26. Qd3 Rd8 27. Rd1 Be6 28. Qg3 Bg4 29. f3 Bf8 30. Bb3 0-1

[Event "Djenovici TS02 GM 3rd"]
[Site "Djenovici"]
[Date "2019.02.19"]
[Round "5"]
[White "Martorelli, Antonio"]
[Black "Olcum, Ahmet"]
[Result "0-1"]
[WhiteElo "2168"]
[BlackElo "2320"]
[PlyCount "58"]
[EventDate "2019.02.16"]
[EventType "tourn"]
[EventRounds "9"]
[EventCountry "MNE"]
[EventCategory "6"]
[SourceTitle "CBM 189 Extra"]
[Source "ChessBase"]
[SourceDate "2019.06.03"]
[SourceVersion "1"]
[SourceVersionDate "2019.06.03"]
[SourceQuality "1"]

1. e4 d6 2. d4 g6 3. Nc3 Bg7 4. f4 Nf6 5. Nf3 0-0 6. Be3 c5 7. dxc5 Qa5 8. Qd2 dxc5 9. Bd3 Rd8 10. Ne5 Be6 11. f5 c4 12. fxe6 Qxe5 13. exf7+ Kh8 14. Bf4 Qa5 15. e5 Nh5 16. Ne4 Qc7 17. Ng5 Qc8 18. Be3 cxd3 19. cxd3 Nc6 20. e6 h6 21. f8Q+ Rxf8 22. Nf7+ Kh7 23. Nxh6 Qxe6 24. Kd1 Rad8 25. g4 Bxh6 26. Bxh6 Qxg4+ 27. Kc1 Rf3 28. Be3 Ne5 29. Qe2 Nxd3+ 0-1

[Event "Djenovici TS02 GM 3rd"]
[Site "Djenovici"]
[Date "2019.02.18"]
[Round "3"]
[White "Martorelli, Antonio"]
[Black "Lazic, Miroljub"]
[Result "1-0"]
[WhiteElo "2168"]
[BlackElo "2446"]
[PlyCount "93"]
[EventDate "2019.02.16"]
[EventType "tourn"]
[EventRounds "9"]
[EventCountry "MNE"]
[EventCategory "6"]
[SourceTitle "CBM 189 Extra"]
[Source "ChessBase"]
[SourceDate "2019.06.03"]
[SourceVersion "1"]
[SourceVersionDate "2019.06.03"]
[SourceQuality "1"]

1. e4 d6 2. d4 Nf6 3. Nc3 e5 4. Nf3 Nbd7 5. Bc4 Be7 6. 0-0 0-0 7. Re1 c6 8. a4 a5 9. h3 exd4 10. Nxd4 Nc5 11. b3 Be6 12. Nxe6 fxe6 13. Qe2 Nfd7 14. f4 Bf6 15. e5 Bh4 16. Rf1 d5 17. Bd3 Nxd3 18. Qxd3 Be7 19. Ba3 Qb6+ 20. Kh1 Bxa3 21. Rxa3 Qb4 22. Raa1 Rxf4 23. Rfe1 Raf8 24. Ne2 Re4 25. c3 Nc5 26. Qd2 Qxb3 27. Rf1 Re8 28. Ng3 Qb6 29. Qf2 Qc7 30. Qxc5 Rxe5 31. Rf3 b6 32. Qf2 Rg5 33. Rf1 h6 34. Ne2 Rf5 35. Rxf5 exf5 36. Nd4 g6 37. Re1 Re4 38. Rxe4 dxe4 39. Qa2+ Kh7 40. Qe6 c5 41. Nb5 Qg3 42. Qf7+ Kh8 43. Qf6+ Kh7 44. Nd6 f4 45. Qe7+ Kh8 46. Nxe4 Qe1+ 47. Kh2 1-0

[Event "Djenovici TS02 GM 3rd"]
[Site "Djenovici"]
[Date "2019.02.18"]
[Round "4"]
[White "Saraci, Nderim"]
[Black "Martorelli, Antonio"]
[Result "1-0"]
[WhiteElo "2397"]
[BlackElo "2168"]
[PlyCount "81"]
[EventDate "2019.02.16"]
[EventType "tourn"]
[EventRounds "9"]
[EventCountry "MNE"]
[EventCategory "6"]
[SourceTitle "CBM 189 Extra"]
[Source "ChessBase"]
[SourceDate "2019.06.03"]
[SourceVersion "1"]
[SourceVersionDate "2019.06.03"]
[SourceQuality "1"]

1. Nf3 Nf6 2. g3 g6 3. Bg2 Bg7 4. 0-0 0-0 5. d4 c5 6. d5 e6 7. Nc3 d6 8. dxe6 fxe6 9. e4 Nc6 10. e5 dxe5 11. Nd2 Bd7 12. Nce4 Qe7 13. Nxf6+ Bxf6 14. Ne4 Rad8 15. c3 Na5 16. Qg4 Bb5 17. Re1 Rd7 18. Bh6 Bg7 19. Be3 b6 20. b3 Bd3 21. h4 c4 22. b4 Nb7 23. h5 gxh5 24. Qxh5 Rf5 25. Qg4 Nd6 26. Nxd6 Rxd6 27. a4 h5 28. Qh3 e4 29. Rac1 Rd8 30. Bf4 Qb7 31. Qh1 e5 32. Bxe4 Bxe4 33. Rxe4 Qd7 34. Be3 Qd3 35. Rh4 Rdf8 36. Qe4 Bf6 37. Qxc4+ Qxc4 38. Rxc4 Rd8 39. Rc2 Bg5 40. g4 Rd1+ 41. Kg2 1-0

[Event "ITA-ch sf 78th"]
[Site "Alessandria"]
[Date "2018.07.25"]
[Round "5"]
[White "Martorelli, Antonio"]
[Black "Luciani, Valerio"]
[Result "1/2-1/2"]
[WhiteElo "2165"]
[BlackElo "2247"]
[PlyCount "66"]
[EventDate "2018.07.21"]
[EventType "swiss"]
[EventRounds "9"]
[EventCountry "ITA"]
[SourceTitle "CBM 186 Extra"]
[Source "ChessBase"]
[SourceDate "2018.08.24"]
[SourceVersion "1"]
[SourceVersionDate "2018.08.24"]
[SourceQuality "1"]

1. e4 b6 2. d4 Bb7 3. Bd3 Nf6 4. f3 e6 5. c4 c5 6. d5 e5 7. Nc3 d6 8. Nge2 Be7 9. Ng3 0-0 10. 0-0 Ne8 11. f4 Nd7 12. Nf5 Bf6 13. Nb5 Qb8 14. Qg4 Bc8 15. Rf3 g6 16. Nh6+ Kh8 17. f5 Bg7 18. Qh4 Bf6 19. Qg4 a6 20. Nc3 Bg7 21. Bg5 f6 22. Bd2 g5 23. Qh5 Bxh6 24. Qxh6 Ra7 25. h4 gxh4 26. Kf2 Rg8 27. Rh1 Nf8 28. Rxh4 Qc7 29. Bf1 Qg7 30. Qh5 Qf7 31. Qh6 Qg7 32. Qh5 Qf7 33. Qh6 Qg7 1/2-1/2

[Event "ITA-ch sf 78th"]
[Site "Alessandria"]
[Date "2018.07.23"]
[Round "3"]
[White "Martorelli, Antonio"]
[Black "Contin, Daniel"]
[Result "0-1"]
[WhiteElo "2165"]
[BlackElo "2269"]
[PlyCount "60"]
[EventDate "2018.07.21"]
[EventType "swiss"]
[EventRounds "9"]
[EventCountry "ITA"]
[SourceTitle "CBM 186 Extra"]
[Source "ChessBase"]
[SourceDate "2018.08.24"]
[SourceVersion "1"]
[SourceVersionDate "2018.08.24"]
[SourceQuality "1"]

1. c4 c5 2. Nf3 g6 3. d4 Bg7 4. e4 Qa5+ 5. Nc3 Nc6 6. dxc5 Nf6 7. Bd3 Ng4 8. 0-0 Qxc5 9. Nd5 0-0 10. a3 e6 11. b4 Qd6 12. Bf4 Nge5 13. c5 Qb8 14. Ne3 Nxf3+ 15. Qxf3 Nd4 16. Qg4 e5 17. Bg3 d5 18. Qd1 dxe4 19. Bxe4 Be6 20. Bd5 Qc8 21. Bh4 f6 22. Re1 Rd8 23. Bc4 b5 24. Bxe6+ Qxe6 25. Qg4 Qxg4 26. Nxg4 g5 27. Bg3 h5 28. Nxf6+ Bxf6 29. Bxe5 Kf7 30. Rad1 Bxe5 0-1

[Event "Forni di Sopra op 9th"]
[Site "Forni di Sopra"]
[Date "2018.06.15"]
[Round "8"]
[White "Loiacono, Antonio"]
[Black "Martorelli, Antonio"]
[Result "1-0"]
[WhiteElo "2197"]
[BlackElo "2184"]
[PlyCount "81"]
[EventDate "2018.06.09"]
[EventType "swiss"]
[EventRounds "9"]
[EventCountry "ITA"]
[SourceTitle "CBM 184 Extra"]
[Source "ChessBase"]
[SourceDate "2018.06.28"]
[SourceVersion "1"]
[SourceVersionDate "2018.06.28"]
[SourceQuality "1"]

1. e4 c5 2. Nf3 e6 3. Nc3 a6 4. d4 cxd4 5. Nxd4 Qc7 6. g3 Bb4 7. Bd2 Nf6 8. Bg2 Bc5 9. Nb3 Be7 10. 0-0 Nc6 11. Qe2 0-0 12. Rfe1 d6 13. Rad1 b5 14. e5 dxe5 15. Na5 Bd7 16. Nxc6 Bxc6 17. Qxe5 Bd6 18. Qe2 Bxg2 19. Kxg2 Rac8 20. a3 h6 21. Kg1 Qc6 22. h3 Rfd8 23. Kh2 Be7 24. f4 Rd7 25. Qg2 Qc5 26. Be3 Qc7 27. Bd4 Rcd8 28. Qf2 Qc4 29. Bb6 Rxd1 30. Nxd1 Rd7 31. c3 Ne4 32. Qf3 Rd2+ 33. Kh1 f5 34. Nf2 Nxg3+ 35. Qxg3 Qc6+ 36. Ne4 fxe4 37. Bd4 Bf8 38. b4 Qd5 39. Qe3 Bd6 40. Qxd2 Bf8 41. Qe3 1-0

[Event "Arvier Spring op"]
[Site "Arvier"]
[Date "2018.04.24"]
[Round "6"]
[White "Martorelli, Antonio"]
[Black "Gromovs, Sergejs"]
[Result "1-0"]
[WhiteElo "2188"]
[BlackElo "2258"]
[PlyCount "65"]
[EventDate "2018.04.21"]
[EventType "swiss"]
[EventRounds "7"]
[EventCountry "ITA"]
[SourceTitle "CBM 184 Extra"]
[Source "ChessBase"]
[SourceDate "2018.06.28"]
[SourceVersion "1"]
[SourceVersionDate "2018.06.28"]
[SourceQuality "1"]

1. e4 c5 2. Nf3 d6 3. d4 cxd4 4. Nxd4 Nf6 5. Nc3 a6 6. g3 e5 7. Nb3 Be7 8. Bg2 0-0 9. 0-0 Qc7 10. Re1 Nbd7 11. Bd2 b6 12. Nc1 Bb7 13. Nd3 Rac8 14. Nb4 b5 15. a4 bxa4 16. Rxa4 Nc5 17. Ra3 Qb6 18. Ncd5 Nxd5 19. exd5 f5 20. c3 e4 21. Be3 a5 22. Nd3 Bg5 23. Bxc5 dxc5 24. Rb3 Qa7 25. Ne5 c4 26. Rb5 Bd8 27. Nc6 Bxc6 28. dxc6 Bb6 29. Qd5+ Kh8 30. Re2 Qa6 31. Qxc4 Rxc6 32. Rxf5 Rxf5 33. Qxa6 1-0